00377nam a2200133Ia 450000500170000000800410001702000150005808200130007310000190008624500720010526000410017730000110021865000140022920240606020420.0240331s9999 xx 000 0 und d a9559062913 bBULa340 aBulankulame, I 4aThe debates on truth commissions :ba retrospective healing process aColombobLaw and Society Trustc2004 a34 p., aPolitics